01266 2200361 4500001002100000005001500021035002000036007000300056008004100059020002200100040002200122082001500144084001500159090001900174090002200193100002600215245020800241300005500449650003800504700003100542700003000573700003800603700003300641700003100674850001200705504002900717264004000746336002100786337003000807338002300837999002200860990002200882INLIS00000000085456120200226023142 a0010-0220000731ta200226s2019 yoia d ind d a978-979-28-2971-6 aYOPDYOGbinderda04223a301.07 a301.07 HAN aDEP 301.07 HAN aCB-D.11 2019-21150 aHanif Irawanepenulis10aSosiologi SMA/MA kelas X semester 1 :bpermintaan ilmu-ilmu sosial /cHanif Irawan, Alfian Febriyanto, Farida Rahmawati, Sri Muhammad Kusumantoro; penyunting, Fitria Wijayanti; ilustrator, Suryono Wijaya avi, 90 halaman :bilustrasi, bagan, tabel ;c28 cm 4aSosiologi--xStudi dan pengajaran0 aAlfian Febriyantoepenulis0 aFarida Rahmawatiepenulis0 aSri Muhammad Kusumantoroepenulis0 aFitria Wijayantiepenyunting0 aSuryono Wijayaeilustrator aYOPDYOG aBibliografi : halaman 8431aYogyakarta :bIntan Pariwara,c2019 2rdacontentateks 2rdamediaatanpa perantara 2rdacarrieravolume aCB-D.11/2019-2115 aCB-D.11/2019-2115